| 000 | 00677nam a2200181 i 4500 | ||
|---|---|---|---|
| 001 | 21260 | ||
| 003 | ES-MaACL | ||
| 005 | 20250407063101.0 | ||
| 007 | t| | ||
| 008 | 021122s1864 sp ||||1| spa d | ||
| 100 | 1 |
_aAlbear y Lara, Francisco de, _d1816-1887 _919252 |
|
| 245 | 1 | 0 |
_aInforme que presenta al Gobernador, Capitán General de la Isla de Cuba, la comisión nombrada para inspeccionar las obras del Canal de Isabel II en Cuba / _cpor Francisco de Albear. |
| 260 |
_aMadrid : _b[s.n.], _c1864 ( _fImp. de la Viuda de Yenes) |
||
| 300 |
_a60 p. ; _c21 cm. |
||
| 610 | 2 | 4 |
_aAcueducto de Albear. _9161302 |
| 852 |
_aES-MaACL _jB-7999 |
||
| 999 |
_c21260 _d21260 |
||